000 01601cam a2200385 a 4500
999 _c26481
_d26481
001 17375090
003 OSt
005 20170204124910.0
008 120706s2013 mauab 000 0 eng
010 _a 2012027318
020 _a9780205914197 (Student editions)
020 _a0205914195 (Student editions)
020 _a9780205871162 (Instructor's review copy (Child Dev, 9 chapters))
020 _a020587116X (Instructor's review copy (Child Dev, 9 chapters))
020 _a9780205927425 (Books a la Carte)
020 _a0205927424 (Books a la Carte)
040 _aDLC
_cDLC
_dDLC
042 _apcc
050 0 0 _aHQ774 .A76 2013
082 0 0 _a305.231
_223
100 1 _aArnett, Jeffrey Jensen.
_d2013
245 1 0 _aChild development through middle childhood :
_ba cultural approach /
_cJeffrey Jensen Arnett, Ashley E. Maynard.
250 _a1st ed.
260 _aBoston :
_bPearson,
_c2013.
300 _axxxiv, 403 p. :
_bcol. ill., col. maps ;
_c28 cm.
500 _aIncludes bibliographical references (p. 358-389) and index.
650 0 _aInfants
_xDevelopment.
650 0 _aInfants
_xDevelopment
_vCross-cultural studies.
650 0 _aChild development.
650 0 _aChild development
_vCross-cultural studies.
650 0 _aInfant psychology.
650 0 _aChild psychology.
700 1 _aMaynard, Ashley,
_d2013-
906 _a7
_bcbc
_corignew
_d1
_eecip
_f20
_gy-gencatlg
942 _2lcc
_cBOOKS
_hHQ774 .A76 2013
_k33674